| 000 | 00438nam a2200169 a 4500 | ||
|---|---|---|---|
| 005 | 20140310183217.0 | ||
| 008 | 030627s19uu xx 00 eng d | ||
| 020 | _a0733519703 | ||
| 050 |
_aPS 3558 _b.M427 1999 |
||
| 100 | _aMather, Anne | ||
| 245 |
_aFallen Angel / _cAnne Mather. |
||
| 260 |
_aAustralia : _bHarlequin Mills & Boon, _c1999. |
||
| 300 |
_a219 p. : _c18 cm. |
||
| 650 | _aFiction | ||
| 942 |
_cBK _2lcc |
||
| 999 |
_c20252 _d20252 |
||